Locuzioni latine - Quiz n°12 - Statistics

Statistiche generali
  • Questo quiz è stato fatto 14 volte
  • Il punteggio medio è 10 su 10
Statistiche sulle risposte
Hint Risposta % Corretto
Faber est suae quisque fortunae Ciascuno è artefice della propria sorte
100%
De gustibus non est disputandum Dei gusti non si deve discutere
100%
Deo gratias! Grazie a Dio
100%
Fortuna caeca est La fortuna è cieca
100%
Mare nostrum Mar Mediterraneo
100%
Pater familias Padre della famiglia
100%
Extrema ratio Piano estremo
100%
Habeas corpus Che tu abbia il corpo
91%
Post meridiem Dopo il meriggio
91%
In extremis In punto di morte
73%
Nessun quiz corrispondente trovato
Distribuzione punteggi
Percentuale di utenti per punteggio
Percentile per numero di risposta
I tuoi punteggi nel tempo
Non hai fatto questo quiz